Detalles MARC
| 000 -LEADER |
| fixed length control field |
03895nam a2200313 a 4500 |
| 001 - CONTROL NUMBER |
| control field |
|
| 003 - CONTROL NUMBER IDENTIFIER |
| control field |
DO-SdBNP |
| 005 - DATE AND TIME OF LATEST TRANSACTION |
| control field |
20230124100001.0 |
| 008 - FIXED-LENGTH DATA ELEMENTS--GENERAL INFORMATION |
| fixed length control field |
090615s2000 dr 001 0 spa d |
| 040 ## - CATALOGING SOURCE |
| Original cataloging agency |
DO-SdBNP |
| Language of cataloging |
spa |
| Transcribing agency |
BPMSU |
| 082 #4 - DEWEY DECIMAL CLASSIFICATION NUMBER |
| Classification number |
327.07 |
| Item number |
R426c 2000 |
| Edition number |
22 |
| 110 2# - MAIN ENTRY--CORPORATE NAME |
| Corporate name or jurisdiction name as entry element |
República Dominicana |
| Subordinate unit |
Secretaría de Estado de Relaciones Exteriores. Escuela Diplomática y Consular |
| 245 10 - TITLE STATEMENT |
| Title |
Cátedras magistrales / |
| Statement of responsibility, etc. |
Juan Luis Cebrián ...[et. al] |
| 260 ## - PUBLICATION, DISTRIBUTION, ETC. (IMPRINT) |
| Place of publication, distribution, etc. |
Santo Domingo : |
| Name of publisher, distributor, etc. |
Secretaría de Estado de Relaciones Exteriores |
| Date of publication, distribution, etc. |
2000 |
| 300 ## - PHYSICAL DESCRIPTION |
| Extent |
272 p. ; |
| Dimensions |
23 cm. |
| 500 ## - GENERAL NOTE |
| General note |
|
| 500 ## - GENERAL NOTE |
| General note |
Incluye referencias bibliográficas y notas al pie de las páginas. |
| 505 ## - FORMATTED CONTENTS NOTE |
| Title |
Fundamentos internos de la política exterior de los Estados Unidos / Howard Wiarda v.1 11 -- Relaciones internacionales entre Estados Unidos, América Latina y el Caribe en el siglo XXI / Howard Wiarda v.1 27 -- La política exterior de Francia / Pascal Chaigneau v.1 43 -- Francia en las relaciones internacionales en el comienzo del siglo XXI / Pierre Grosser v.1 65 -- Una política audiovisual exterior al servicio de la diversidad cultural / Jean Claude Moyret v.1 73 -- América Latina en el siglo XXI. Una visión estratégica / Luis Maira v.1 85 -- Retos y oportunidades de la globalización en la República Dominicana / Andrés Dauhjare v.1 141 -- Acuerdos y tratados de libre comercio / Maritza Amalia Guerrero y Miguel Angel Heredia Bonetti v.1 151 -- Ciencia y tecnología para el desarrollo en el contexto de la globalización / Diógenes Aybar v.1 189 -- De inventos, patentes y globalización / Doroteo Rodríguez v.1 223 -- Integración económica / Gedeón Santos v.1 251 -- América Latina en el último tercio del siglo XX: Proyectos políticos e inserción internacional / Luis Maira v.2 9 -- Crítica a la globalización / Luisa Navarro v.2 51 -- El relacionamiento externo del Mercosur: avances y perspectivas / Guillermo Hillcoat v.2 73 -- América Latina frente al cambio de siglo: retos y oportunidades / Luis Maira v.2 73 -- Política de Estados Unidos hacia América Latina y el Caribe / Jorge Domínguez v.2 145 -- Riesgos y venturas de la sociedad digital / Juan Luis Cebrián v.3 11 -- Gerencia y política de lo vecinal (el caso colombo - venezolano) / Leandro Area v.3 33 -- Formación de diplomáticos y negociadores para un orden internacional en construcción / Luisa Navarro v.3 49 -- La diplomacia del nuevo orden internacional: Unilateral, multilateral o plurilateral? / Frederic Emam-Zadé Gerardino v.3 57 -- El periodismo y la diplomacia / Luis Narváez Rivadeneira v.3 65 -- El estatuto de nacionalidad dominicana: argumentaciones fundamentales / Lupo Hernández Rueda v.3 95 -- Lo que hay que saber de Haití y República Dominicana para unas relaciones diáfanas / Euclides Gutiérrez Félix v.3 109 -- Situación de la inmigración haitiana / Danilo Díaz v.3 149 -- Impacto de los informes de los organismos regionales y multilaterales en las políticas internacionales de RD-Haití / Angel Lockward v.3 187 -- Geopolítica de la isla de Santo Domingo: migración haitiana y seguridad nacional / Pelegrín Castillo v.3 211 -- La comisión mixta domínico-haitiana / Wenceslao Guerrero Cambier v.3 231 -- La globalización o el espejo de la Barbie / María del Carmen Vicente v.3 257 -- Negociación o calidad de vida: estrategia de integración regional de la República Dominicana / Marcos Barinas Uribe v.3 265 |
| 563 ## - BINDING INFORMATION |
| Binding note |
Tres títulos encuadernado juntos con paginación continua |
| 590 ## - LOCAL NOTE (RLIN) |
| Local note |
Inventariado,2021/VM |
| 650 #4 - SUBJECT ADDED ENTRY--TOPICAL TERM |
| Topical term or geographic name as entry element |
Derecho internacional |
| 650 #4 - SUBJECT ADDED ENTRY--TOPICAL TERM |
| Topical term or geographic name as entry element |
Política internacional |
| Chronological subdivision |
Siglo XX |
| 651 #4 - SUBJECT ADDED ENTRY--GEOGRAPHIC NAME |
| Geographic name |
Estados Unidos |
| General subdivision |
Relaciones Exteriores |
| Geographic subdivision |
América Latina |
| 700 1# - ADDED ENTRY--PERSONAL NAME |
| Personal name |
Cebrián, Juan Luis |
| Dates associated with a name |
|
| Relator term |
|
| 740 ## - ADDED ENTRY--UNCONTROLLED RELATED/ANALYTICAL TITLE |
| Uncontrolled related/analytical title |
Los regímenes matrimoniales |
| 740 ## - ADDED ENTRY--UNCONTROLLED RELATED/ANALYTICAL TITLE |
| Uncontrolled related/analytical title |
Las sucesiones legales |
| 910 ## - USER-OPTION DATA (OCLC) |
| User-option data |
VMateo V./Validado |
| 942 ## - ADDED ENTRY ELEMENTS (KOHA) |
| Source of classification or shelving scheme |
Dewey Decimal Classification |
| Koha item type |
Libros |